Gaming Quiz

Random Gaming Quiz

ZSR Quiz Stats

Quiz not verified by Sporcle

Challenge
Share
Tweet
Embed
Score 0/11 Timer 03:00
0 Plays Today
hint abswer % Correct
not a hitter of many goodsjiano
100%
meanestcosmo
92.9%
hottestzfg
85.7%
nicestswordless
78.6%
best spellerSlowi
71.4%
funniestAki
64.3%
smartestGAG
57.1%
best at mmelminster
57.1%
manliestpokey
42.9%
least annoyingremen
21.4%
best at ootjrd05
21.4%

You're not logged in!

Compare scores with friends on all Sporcle quizzes.
Sign Up with Email
OR
Log In

You Might Also Like...

Show Comments

Extras

Top Quizzes Today


Score Distribution

Your Account Isn't Verified!

In order to create a playlist on Sporcle, you need to verify the email address you used during registration. Go to your Sporcle Settings to finish the process.